000
00259nam a22001097a 4500
008
180425b xxu||||| |||| 00| 0 eng d
041
_a
eng
080
_a
043.3
100
_a
0
101
_a
MBE-BTH
245
_a
Investimet e huaja direkte në Kosovë
_c
Konjufca,B
999
_c
45504
_d
45504